Pracovné a životné prostredie v rámci EMS

Dôležitosť prepojenia pracovného a životného prostredia ako neoddeliteľnej súčasti environmentálneho manažérskeho systému (EMS).

Saved in:
Bibliographic Details
Main Author: Tomčíková, Monika
Other Authors: Naščáková, Jana, Bednárová, Lucia
Format: Book Chapter
Language:Slovak
Subjects:
Tags: Add Tag
No Tags, Be the first to tag this record!

MARC

LEADER 00000naa a2200000 4500
001 0211097
005 20240502073521.5
041 0 |a slo 
044 |a SK 
245 1 0 |a Pracovné a životné prostredie v rámci EMS  |c Monika Tomčíková, Jana Naščáková, Lucia Bednárová 
520 |a Dôležitosť prepojenia pracovného a životného prostredia ako neoddeliteľnej súčasti environmentálneho manažérskeho systému (EMS). 
610 2 0 |a systémy environmentálne manažérske 
610 2 0 |a prostredie pracovné 
610 2 0 |a prostredie životné 
610 2 0 |a ochrana prostredia životného 
100 1 |a Tomčíková, Monika 
700 1 |a Naščáková, Jana 
700 1 |a Bednárová, Lucia